| 000 | 00421nam a2200169Ia 4500 | ||
|---|---|---|---|
| 008 | 220216s9999 xx 000 0 und d | ||
| 100 | _aShukla Niteesh | ||
| 245 | 0 | _aNano materials for rubber industry | |
| 260 |
_bRubber India _c2009 |
||
| 300 | _a17-24 | ||
| 650 | _aNanocomposites | ||
| 650 | _aNanomaterials | ||
| 700 | _aChakraborty S.K. | ||
| 700 | _aChoudhary P. Roy | ||
| 700 | _aMukherji A. | ||
| 942 | _cJS | ||
| 999 |
_c63390 _d63390 |
||